000 01008 a2200289 4500
999 _c4237
_d4237
020 _a9781491940747
050 0 0 _aQA 76.73 MAN 2016
100 1 _aManning, Jon,
_eauthor.
245 1 0 _aLearning Swift /
_cJon Manning, Paris Buttfield-Addison, and Tim Nugent.
250 _aFirst edition.
264 1 _aSebastopol, CA :
_bO'Reilly Media, Inc.,
_c2016.
300 _axiv, 518 pages :
_billustrations ;
500 _a"Covers Swift 2."
500 _aIncludes index.
650 0 _aSwift (Computer program language)
650 0 _aApplication software
_xDevelopment.
650 0 _aMobile apps.
650 0 _aApple computer
_xProgramming.
650 7 _aApple computer
_xProgramming.
650 7 _aMobile apps.
650 7 _aApplication software
_xDevelopment.
650 7 _aSwift (Computer program language)
700 1 _aButtfield-Addison, Paris,
_eauthor.
700 1 _aNugent, Tim,
_eauthor.
942 _2lcc
_cBK
_e1st
_h76.73
_iMAN
_kQA